| 000 | 00838cam a22002414a 4500 | ||
|---|---|---|---|
| 001 | 12309890 | ||
| 005 | 20260318093651.0 | ||
| 008 | 010214s2002 maua 001 0 eng | ||
| 020 |
_a0072432411 _qalk. paper |
||
| 020 |
_a9780072432411 _q(alk. paper) |
||
| 050 | 0 | 0 |
_aHD31 _b.G344 2002 |
| 082 | 0 | 0 |
_a658 _221 |
| 100 | 1 | _aGarvin, David A. | |
| 245 | 1 | 0 |
_aGeneral management : _bprocesses and action / _cDavid A. Garvin. |
| 260 |
_aBoston : _bMcGraw-Hill, _cc2002. |
||
| 300 |
_axi, 631 p. : _bill. ; _c23 cm. |
||
| 500 | _aIncludes index. | ||
| 650 | 0 | _aIndustrial management. | |
| 650 | 0 |
_aIndustrial management _vCase studies. |
|
| 856 | 4 | 2 |
_3Publisher description _uhttp://www.loc.gov/catdir/description/mh021/2001030301.html |
| 856 | 4 | 1 |
_3Table of contents _uhttp://www.loc.gov/catdir/toc/mh021/2001030301.html |
| 942 |
_2lcc _cBK _n0 |
||
| 999 |
_c9087 _d9087 |
||